[Event "Moscow Aeroflot op-A"]
[Site "Moscow"]
[Date "2020.02.21"]
[Round "3"]
[White "Jumabayev, Rinat"]
[Black "Kozionov, Kirill"]
[Result "1-0"]
[WhiteElo "2646"]
[BlackElo "2466"]
[PlyCount "104"]
[EventDate "2020.02.19"]
[EventType "swiss"]
[EventRounds "9"]
[EventCountry "RUS"]
[SourceTitle "CBM 195"]
[Source "ChessBase"]
[SourceDate "2020.04.30"]
[SourceVersion "1"]
[SourceVersionDate "2020.04.30"]
[SourceQuality "1"]

1. e4 c5 2. Nf3 d6 3. Bb5+ Nd7 4. Ba4 Ngf6 5. O-O a6 6. c4 g6 7. Nc3 Bg7 8. h3
O-O 9. d3 b6 10. Rb1 Bb7 11. b4 Rb8 12. Bg5 h6 13. Be3 e6 14. Qd2 Kh7 15. Rb3
Qc7 16. Rfb1 Ba8 17. Qc1 Rfc8 18. Qa3 b5 19. cxb5 c4 20. dxc4 Nxe4 21. Nxe4
Bxe4 22. bxa6 Bxb1 23. Rxb1 Nb6 24. Bb5 d5 25. c5 Na8 26. Bf1 e5 27. Rd1 d4 28.
Bc1 f5 29. Bb2 d3 30. Qxd3 Rd8 31. Qc2 Rxd1 32. Qxd1 Rxb4 33. Bc3 Rb8 34. Qd5
Rd8 35. Qb7 e4 36. Be5 Bxe5 37. Nxe5 Rb8 38. Qd5 Rd8 39. Qe6 Qg7 40. Nf7 Rd1
41. Qe7 Kg8 42. Qb7 Qxf7 43. Qxa8+ Kh7 44. Qb8 Qxa2 45. a7 Ra1 46. Qc7+ Kh8 47.
Qd8+ Kh7 48. c6 Qa6 49. Qd7+ Kh8 50. a8=Q+ Qxa8 51. c7 Rxf1+ 52. Kh2 Rxf2 1-0

[Event "Moscow Aeroflot op-A"]
[Site "Moscow"]
[Date "2020.02.21"]
[Round "3"]
[White "Kardashevskiy, Evgeny"]
[Black "Salgado Lopez, Ivan"]
[Result "1/2-1/2"]
[WhiteElo "2437"]
[BlackElo "2597"]
[PlyCount "53"]
[EventDate "2020.02.19"]
[EventType "swiss"]
[EventRounds "9"]
[EventCountry "RUS"]
[SourceTitle "CBM 195"]
[Source "ChessBase"]
[SourceDate "2020.04.30"]
[SourceVersion "1"]
[SourceVersionDate "2020.04.30"]
[SourceQuality "1"]

1. d4 e6 2. Nf3 c5 3. c4 cxd4 4. Nxd4 a6 5. g3 Qc7 6. Nc3 Qxc4 7. Bg2 Nc6 8.
Nb3 d5 9. O-O Bb4 10. Bf4 Bxc3 11. Rc1 Nf6 12. Rxc3 Qb4 13. Be3 Nd7 14. f4 O-O
15. Bf2 Re8 16. a3 Qe7 17. e4 dxe4 18. Bxe4 Nf6 19. Bf3 e5 20. Bc5 Qe6 21. f5
Qd7 22. Rd3 Qc7 23. Bd6 Qb6+ 24. Bc5 Qc7 25. Bd6 Qb6+ 26. Bc5 Qc7 27. Bd6
1/2-1/2

[Event "Moscow Aeroflot op-A"]
[Site "Moscow"]
[Date "2020.02.21"]
[Round "3"]
[White "Karthik, Venkataraman"]
[Black "Shubin, Kirill"]
[Result "1-0"]
[WhiteElo "2483"]
[BlackElo "2427"]
[PlyCount "51"]
[EventDate "2020.02.19"]
[EventType "swiss"]
[EventRounds "9"]
[EventCountry "RUS"]
[SourceTitle "CBM 195"]
[Source "ChessBase"]
[SourceDate "2020.04.30"]
[SourceVersion "1"]
[SourceVersionDate "2020.04.30"]
[SourceQuality "1"]

1. e4 c5 2. Nf3 d6 3. d4 cxd4 4. Nxd4 Nf6 5. Nc3 Nc6 6. Bc4 Qb6 7. Nb3 e6 8.
Be3 Qc7 9. O-O a6 10. f4 b5 11. Bd3 Bb7 12. a3 Be7 13. Qf3 Nd7 14. Qh3 Nc5 15.
f5 Nxb3 16. fxe6 Ne5 17. cxb3 Nxd3 18. Rxf7 d5 19. Nxd5 Bxd5 20. exd5 Qe5 21.
Rd1 Nxb2 22. Rxe7+ Kxe7 23. d6+ Kd8 24. Bb6+ Ke8 25. Qf3 Rb8 26. Bc7 1-0

[Event "Moscow Aeroflot op-A"]
[Site "Moscow"]
[Date "2020.02.21"]
[Round "3"]
[White "Karthikeyan, Murali"]
[Black "Pranesh, M."]
[Result "1/2-1/2"]
[WhiteElo "2602"]
[BlackElo "2425"]
[PlyCount "83"]
[EventDate "2020.02.19"]
[EventType "swiss"]
[EventRounds "9"]
[EventCountry "RUS"]
[SourceTitle "CBM 195"]
[Source "ChessBase"]
[SourceDate "2020.04.30"]
[SourceVersion "1"]
[SourceVersionDate "2020.04.30"]
[SourceQuality "1"]

1. e4 e5 2. Nf3 Nc6 3. Bb5 Nf6 4. d3 Bc5 5. Nbd2 O-O 6. Bxc6 bxc6 7. Nxe5 d5 8.
O-O Qe8 9. Nef3 dxe4 10. Re1 Bf5 11. Nxe4 Nxe4 12. dxe4 Bxe4 13. Be3 Bd6 14.
Ng5 Bg6 15. Bxa7 Qc8 16. Be3 Qf5 17. c3 Rfb8 18. Qe2 c5 19. f3 Qe5 20. f4 Qd5
21. c4 Qc6 22. b3 Re8 23. Qf2 Bf5 24. Nf3 f6 25. h3 Re7 26. Rad1 Rae8 27. b4
Re4 28. Nd2 R4e6 29. Nb3 Re4 30. Bxc5 Rxf4 31. Qd2 Rxe1+ 32. Rxe1 Rxc4 33. Qf2
Rf4 34. Qd2 Rc4 35. Bxd6 Rc2 36. Rc1 Rxc1+ 37. Nxc1 cxd6 38. Ne2 h6 39. Nd4 Qd5
40. a4 Be4 41. a5 Bxg2 42. b5 1/2-1/2

[Event "Moscow Aeroflot op-A"]
[Site "Moscow"]
[Date "2020.02.21"]
[Round "3"]
[White "Kovalev, Vladislav"]
[Black "Idani, Pouya"]
[Result "0-1"]
[WhiteElo "2650"]
[BlackElo "2577"]
[PlyCount "134"]
[EventDate "2020.02.19"]
[EventType "swiss"]
[EventRounds "9"]
[EventCountry "RUS"]
[SourceTitle "CBM 195"]
[Source "ChessBase"]
[SourceDate "2020.04.30"]
[SourceVersion "1"]
[SourceVersionDate "2020.04.30"]
[SourceQuality "1"]

1. e4 c5 2. Nf3 d6 3. d4 cxd4 4. Nxd4 Nf6 5. Nc3 a6 6. Qf3 g6 7. h3 Bg7 8. Be3
Bd7 9. O-O-O Nc6 10. Nxc6 Bxc6 11. Bd4 O-O 12. g4 b5 13. Be2 Qc8 14. Nd5 Qe6
15. Rhe1 Bh6+ 16. Be3 Bxe3+ 17. Qxe3 Nxe4 18. Bc4 bxc4 19. Qxe4 Bxd5 20. Rxd5
Ra7 21. f4 Qxe4 22. Rxe4 Rc8 23. Kd2 Rc6 24. f5 Kg7 25. Kc3 Rac7 26. g5 gxf5
27. Rxf5 e6 28. Rf6 Rc5 29. h4 d5 30. Re1 Rb5 31. a3 d4+ 32. Kxd4 Rxb2 33. Rf2
c3 34. Re5 Rb6 35. Ke3 Rd6 36. Re4 Rd5 37. Ra4 Rcd7 38. Rxa6 Re5+ 39. Kf4 Rd2
40. Kxe5 Rxf2 41. Kd4 Rxc2 42. Ra4 Rc1 43. Kd3 h6 44. gxh6+ Kxh6 45. Rc4 Ra1
46. Ra4 Rc1 47. Rc4 Kh5 48. a4 f5 49. Rxc3 Ra1 50. Rc8 Rxa4 51. Rh8+ Kg4 52. h5
e5 53. h6 Ra3+ 54. Ke2 Rh3 55. h7 Kf4 56. Kf2 Rh6 57. Kg2 Rg6+ 58. Kf2 Rg7 59.
Kf1 e4 60. Ke2 Ra7 61. Kf2 e3+ 62. Ke2 Ra2+ 63. Kd3 Rd2+ 64. Kc3 Rd7 65. Kc2
Rf7 66. Kd3 Kf3 67. Re8 Rd7+ 0-1

[Event "Moscow Aeroflot op-A"]
[Site "Moscow"]
[Date "2020.02.21"]
[Round "3"]
[White "Kulaots, Kaido"]
[Black "Smirin, Ilia"]
[Result "0-1"]
[WhiteElo "2510"]
[BlackElo "2615"]
[PlyCount "114"]
[EventDate "2020.02.19"]
[EventType "swiss"]
[EventRounds "9"]
[EventCountry "RUS"]
[SourceTitle "CBM 195"]
[Source "ChessBase"]
[SourceDate "2020.04.30"]
[SourceVersion "1"]
[SourceVersionDate "2020.04.30"]
[SourceQuality "1"]

1. e4 c5 2. Nf3 e6 3. d4 cxd4 4. Nxd4 a6 5. c4 Nf6 6. Nc3 Bb4 7. Qd3 O-O 8. e5
Ne8 9. Bd2 Qc7 10. Nf3 Nc6 11. Qe4 f5 12. exf6 Nxf6 13. Qh4 d5 14. Be2 Be7 15.
cxd5 exd5 16. O-O Be6 17. Bd3 Qd7 18. Rad1 Bg4 19. Bg5 h6 20. Bxf6 Bxf6 21. Qg3
Ne7 22. Be2 Be6 23. Ne5 Qe8 24. Bg4 Bxg4 25. Nxg4 Bxc3 26. Qxc3 Rd8 27. Ne3 Qc6
28. Qb3 Kh8 29. Rd4 Qf6 30. Qc3 Nf5 31. Nxf5 Qxf5 32. Qd2 Rf6 33. Rc1 Rc6 34.
h3 Rxc1+ 35. Qxc1 Rc8 36. Qe1 Rc2 37. Rb4 d4 38. Rxd4 Rxb2 39. a4 Rb1 40. Rd1
Rxd1 41. Qxd1 b5 42. g4 Qe4 43. axb5 axb5 44. Qb3 b4 45. Kf1 Kh7 46. f3 Qd4 47.
h4 Qd2 48. h5 Kh8 49. Qf7 Qd3+ 50. Kg2 Kh7 51. f4 b3 52. g5 hxg5 53. f5 Qe4+
54. Kf2 b2 55. h6 Qc2+ 56. Ke3 Qc3+ 57. Ke2 Qe5+ 0-1

[Event "Moscow Aeroflot op-A"]
[Site "Moscow"]
[Date "2020.02.21"]
[Round "3"]
[White "Lazavik, Denis"]
[Black "Sanal, Vahap"]
[Result "0-1"]
[WhiteElo "2428"]
[BlackElo "2569"]
[PlyCount "150"]
[EventDate "2020.02.19"]
[EventType "swiss"]
[EventRounds "9"]
[EventCountry "RUS"]
[SourceTitle "CBM 195"]
[Source "ChessBase"]
[SourceDate "2020.04.30"]
[SourceVersion "1"]
[SourceVersionDate "2020.04.30"]
[SourceQuality "1"]

1. d4 Nf6 2. c4 c6 3. Nf3 d5 4. Qc2 dxc4 5. Qxc4 Bg4 6. Nbd2 Nbd7 7. g3 e6 8.
Bg2 Be7 9. O-O O-O 10. b3 Rc8 11. Bb2 b5 12. Qc2 Bh5 13. Rfc1 Bg6 14. Qd1 Qb6
15. e3 Rfd8 16. Qe2 a6 17. a3 a5 18. h3 h6 19. Bf1 Ne4 20. Nxe4 Bxe4 21. Nd2
Bg6 22. a4 Bb4 23. Nf3 Be4 24. Ne1 bxa4 25. bxa4 Bxe1 26. Rxe1 Qb7 27. Bc3 c5
28. Bxa5 Re8 29. Bc3 cxd4 30. exd4 Nf6 31. Rec1 Bf3 32. Qb5 Qa8 33. Qa6 Qd5 34.
Qb5 Qa8 35. Bd2 Rb8 36. Qa6 Qd5 37. Qc4 Qf5 38. Qc2 Be4 39. Qd1 Rb2 40. g4 Qd5
41. Bc3 Rb3 42. Be1 Reb8 43. Rc5 Qd7 44. Rb5 R8xb5 45. axb5 Qd5 46. Ra8+ Kh7
47. Rd8 Rxh3 48. Bxh3 Qxd8 49. f3 Bb7 50. Qd3+ Kg8 51. Bf1 Qd6 52. Qe3 Qd5 53.
Kf2 Qa2+ 54. Be2 Nd5 55. Qd2 Qa3 56. Kg1 Qd6 57. Bf1 Qa3 58. Be2 Qa8 59. Bg3
Qa1+ 60. Be1 g5 61. Kh2 Nf4 62. Bf2 Qa8 63. Bg3 Nxe2 64. Qxe2 Bxf3 65. Qf2 Qe4
66. d5 Qxd5 67. b6 Qd1 68. Kh3 Bxg4+ 69. Kg2 Qd5+ 70. Kh2 Bf3 71. Qc2 h5 72.
Qc8+ Kh7 73. Qc2+ Qe4 74. Qd2 h4 75. Bd6 g4 0-1

[Event "Moscow Aeroflot op-A"]
[Site "Moscow"]
[Date "2020.02.21"]
[Round "3"]
[White "Maghsoodloo, Parham"]
[Black "Aryan, Chopra"]
[Result "1/2-1/2"]
[WhiteElo "2674"]
[BlackElo "2562"]
[PlyCount "65"]
[EventDate "2020.02.19"]
[EventType "swiss"]
[EventRounds "9"]
[EventCountry "RUS"]
[SourceTitle "CBM 195"]
[Source "ChessBase"]
[SourceDate "2020.04.30"]
[SourceVersion "1"]
[SourceVersionDate "2020.04.30"]
[SourceQuality "1"]

1. d4 Nf6 2. c4 g6 3. Nc3 d5 4. cxd5 Nxd5 5. Bd2 Bg7 6. e4 Nxc3 7. Bxc3 O-O 8.
Qd2 c5 9. d5 e6 10. Bc4 Bxc3 11. bxc3 exd5 12. Bxd5 Nd7 13. Nf3 Nf6 14. O-O Re8
15. Rfe1 Qc7 16. Qh6 Nxd5 17. exd5 Bf5 18. d6 Qxd6 19. Ng5 Qf6 20. Qxh7+ Kf8
21. f4 Qg7 22. Qh4 Qxc3 23. h3 c4 24. Kh2 Bd3 25. f5 Bxf5 26. Rac1 Qb2 27. Qxc4
Qg7 28. Qb4+ Kg8 29. Qxb7 Qf6 30. h4 Qd6+ 31. Kh1 Rxe1+ 32. Rxe1 Rf8 33. Re8
1/2-1/2

[Event "Moscow Aeroflot op-A"]
[Site "Moscow"]
[Date "2020.02.21"]
[Round "3"]
[White "Mamedov, Rauf"]
[Black "Sargsyan, Shant"]
[Result "1-0"]
[WhiteElo "2643"]
[BlackElo "2594"]
[PlyCount "101"]
[EventDate "2020.02.19"]
[EventType "swiss"]
[EventRounds "9"]
[EventCountry "RUS"]
[SourceTitle "CBM 195"]
[Source "ChessBase"]
[SourceDate "2020.04.30"]
[SourceVersion "1"]
[SourceVersionDate "2020.04.30"]
[SourceQuality "1"]

1. e4 e5 2. Nf3 Nc6 3. Bc4 Bc5 4. c3 Nf6 5. d4 exd4 6. e5 d5 7. Bb5 Ne4 8. cxd4
Bb6 9. Nc3 O-O 10. Be3 f6 11. exf6 Nxc3 12. bxc3 Qxf6 13. O-O Bg4 14. Be2 Rae8
15. h3 Bh5 16. Qc2 Kh8 17. Rae1 Bxf3 18. Bxf3 Ne7 19. Bh5 g6 20. Bg4 h5 21. Bd7
Rd8 22. Bb5 c6 23. Qd2 Rde8 24. Bg5 Qf7 25. Bd3 Nf5 26. g4 Nd6 27. Bh6 Rg8 28.
Bf4 Ne4 29. Bxe4 Rxe4 30. Rxe4 dxe4 31. Re1 Qd5 32. Be5+ Kh7 33. Qc2 Bd8 34.
Rxe4 h4 35. c4 Qf7 36. Rf4 Qd7 37. c5 Bc7 38. Qb3 Bxe5 39. dxe5 Rg7 40. g5 Re7
41. Rf8 Qd5 42. Qxd5 cxd5 43. f4 Kg7 44. Rd8 Kf7 45. Kf2 Rc7 46. Rxd5 Ke6 47.
Rd6+ Kf7 48. Kf3 Rxc5 49. Rd7+ Ke6 50. Rxb7 Ra5 51. Rg7 1-0

[Event "Moscow Aeroflot op-A"]
[Site "Moscow"]
[Date "2020.02.21"]
[Round "3"]
[White "Mendonca, Leon Luke"]
[Black "Vogel, Roven"]
[Result "1-0"]
[WhiteElo "2418"]
[BlackElo "2473"]
[PlyCount "71"]
[EventDate "2020.02.19"]
[EventType "swiss"]
[EventRounds "9"]
[EventCountry "RUS"]
[SourceTitle "CBM 195"]
[Source "ChessBase"]
[SourceDate "2020.04.30"]
[SourceVersion "1"]
[SourceVersionDate "2020.04.30"]
[SourceQuality "1"]

1. d4 Nf6 2. c4 e6 3. Nc3 Bb4 4. e3 O-O 5. Bd3 d5 6. a3 Bxc3+ 7. bxc3 dxc4 8.
Bxc4 c5 9. Ne2 Qc7 10. Ba2 b6 11. O-O Ba6 12. Re1 Nc6 13. Ng3 Rfd8 14. Bb2 Na5
15. e4 Rac8 16. e5 Nd7 17. Qg4 Nf8 18. d5 exd5 19. Nh5 Ng6 20. f4 Re8 21. Bxd5
Rcd8 22. Rad1 Bc8 23. Qg3 Be6 24. c4 Re7 25. Qc3 Rf8 26. h3 Nc6 27. Qd3 Qc8 28.
g4 Bd7 29. f5 Ncxe5 30. Qf1 Ba4 31. fxg6 hxg6 32. Rd2 Qc7 33. Rde2 Nxg4 34.
hxg4 Rxe2 35. Rxe2 gxh5 36. gxh5 1-0

[Event "Moscow Aeroflot op-A"]
[Site "Moscow"]
[Date "2020.02.21"]
[Round "3"]
[White "Murzin, Volodar"]
[Black "Frolyanov, Dmitry"]
[Result "1-0"]
[WhiteElo "2442"]
[BlackElo "2556"]
[PlyCount "91"]
[EventDate "2020.02.19"]
[EventType "swiss"]
[EventRounds "9"]
[EventCountry "RUS"]
[SourceTitle "CBM 195"]
[Source "ChessBase"]
[SourceDate "2020.04.30"]
[SourceVersion "1"]
[SourceVersionDate "2020.04.30"]
[SourceQuality "1"]

1. e4 c5 2. Nf3 Nc6 3. Bb5 g6 4. O-O Bg7 5. Re1 e5 6. Bxc6 dxc6 7. d3 Qe7 8. a4
Nf6 9. Bg5 O-O 10. Na3 h6 11. Be3 Rd8 12. Qc1 Kh7 13. Nc4 Nh5 14. a5 Bg4 15.
Nfd2 Be6 16. g3 f6 17. Qd1 Bf8 18. f4 exf4 19. gxf4 f5 20. Qf3 Bg7 21. exf5
Bxf5 22. Ne4 Bxe4 23. Qxe4 Qxe4 24. dxe4 Bd4 25. f5 gxf5 26. exf5 Rd5 27. Bxd4
Rg8+ 28. Kh1 cxd4 29. a6 b5 30. Ne5 Rg7 31. Nxc6 Rxf5 32. Nxd4 Rd5 33. c3 Nf4
34. Rg1 Nd3 35. Rxg7+ Kxg7 36. b4 Nf2+ 37. Kg2 Ne4 38. Nc6 Rd7 39. c4 bxc4 40.
b5 c3 41. b6 Nc5 42. bxa7 Nb3 43. a8=Q Nxa1 44. Nb4 c2 45. Nxc2 Nxc2 46. Qe4
1-0

[Event "Moscow Aeroflot op-A"]
[Site "Moscow"]
[Date "2020.02.21"]
[Round "3"]
[White "Nesterov, Arseniy"]
[Black "Yilmaz, Mustafa"]
[Result "1/2-1/2"]
[WhiteElo "2501"]
[BlackElo "2607"]
[PlyCount "81"]
[EventDate "2020.02.19"]
[EventType "swiss"]
[EventRounds "9"]
[EventCountry "RUS"]
[SourceTitle "CBM 195"]
[Source "ChessBase"]
[SourceDate "2020.04.30"]
[SourceVersion "1"]
[SourceVersionDate "2020.04.30"]
[SourceQuality "1"]

1. d4 Nf6 2. c4 e6 3. Nc3 Bb4 4. Qc2 O-O 5. e4 d5 6. e5 Ne4 7. Bd3 c5 8. Nf3
cxd4 9. Nxd4 Nd7 10. Bf4 Qh4 11. g3 Qh5 12. O-O g5 13. cxd5 Nxc3 14. dxe6 gxf4
15. exd7 fxg3 16. hxg3 Bxd7 17. bxc3 Rac8 18. Bf5 Bxc3 19. Bxd7 Bxa1 20. Bxc8
Bxd4 21. Bf5 Qf3 22. Bxh7+ Kg7 23. Qd3 Qxd3 24. Bxd3 Bxe5 25. Be4 b6 26. Rd1
Rc8 27. Rd7 Rc7 28. Rxc7 Bxc7 29. Kg2 Kf6 30. Bd5 Ke7 31. Kf3 Bd6 32. Ke4 Bc5
33. f4 f6 34. g4 Ba3 35. g5 fxg5 36. fxg5 Kf8 37. g6 Kg7 38. Bf7 a5 39. Be8 Bc5
40. a4 Bb4 41. Kd3 1/2-1/2

[Event "Moscow Aeroflot op-A"]
[Site "Moscow"]
[Date "2020.02.21"]
[Round "3"]
[White "Paravyan, David"]
[Black "Wagner, Dennis"]
[Result "1-0"]
[WhiteElo "2629"]
[BlackElo "2590"]
[PlyCount "69"]
[EventDate "2020.02.19"]
[EventType "swiss"]
[EventRounds "9"]
[EventCountry "RUS"]
[SourceTitle "CBM 195"]
[Source "ChessBase"]
[SourceDate "2020.04.30"]
[SourceVersion "1"]
[SourceVersionDate "2020.04.30"]
[SourceQuality "1"]

1. d4 Nf6 2. c4 g6 3. h4 c5 4. d5 d6 5. Nc3 Bg7 6. e4 O-O 7. Be2 e6 8. h5 exd5
9. exd5 Re8 10. h6 Bh8 11. Bg5 Qb6 12. b3 Ne4 13. Nxe4 Rxe4 14. Rc1 Na6 15. Rh4
Rxh4 16. Bxh4 Bf5 17. Bg4 Re8+ 18. Kf1 Bxg4 19. Qxg4 f5 20. Qd1 Re4 21. Bg5 Nb4
22. f3 Re8 23. Qd2 Qc7 24. Nh3 Qd7 25. Nf4 b6 26. Ne6 Na6 27. Re1 Be5 28. a3
Rc8 29. f4 Bh8 30. Ng7 Bxg7 31. Re7 Qxe7 32. Bxe7 Bxh6 33. Qe3 Nc7 34. Bxd6 Re8
35. Qh3 1-0

[Event "Moscow Aeroflot op-A"]
[Site "Moscow"]
[Date "2020.02.21"]
[Round "3"]
[White "Petrosyan, Manuel"]
[Black "Jobava, Baadur"]
[Result "1/2-1/2"]
[WhiteElo "2590"]
[BlackElo "2620"]
[PlyCount "43"]
[EventDate "2020.02.19"]
[EventType "swiss"]
[EventRounds "9"]
[EventCountry "RUS"]
[SourceTitle "CBM 195"]
[Source "ChessBase"]
[SourceDate "2020.04.30"]
[SourceVersion "1"]
[SourceVersionDate "2020.04.30"]
[SourceQuality "1"]

1. d4 Nf6 2. c4 c6 3. Nf3 d5 4. e3 Bf5 5. Nc3 e6 6. Nh4 g6 7. f3 h5 8. g3 Nbd7
9. Qe2 Nb6 10. cxd5 exd5 11. Nxf5 gxf5 12. Qc2 h4 13. Rg1 hxg3 14. hxg3 Rh5 15.
Bd2 Qd7 16. O-O-O Nc4 17. Bd3 O-O-O 18. Rh1 Kb8 19. Rxh5 Nxh5 20. Bxc4 dxc4 21.
Ne2 Bd6 22. Qxc4 1/2-1/2

[Event "Moscow Aeroflot op-A"]
[Site "Moscow"]
[Date "2020.02.21"]
[Round "3"]
[White "Pogosyan, Stefan"]
[Black "Indjic, Aleksandar"]
[Result "1/2-1/2"]
[WhiteElo "2455"]
[BlackElo "2622"]
[PlyCount "72"]
[EventDate "2020.02.19"]
[EventType "swiss"]
[EventRounds "9"]
[EventCountry "RUS"]
[SourceTitle "CBM 195"]
[Source "ChessBase"]
[SourceDate "2020.04.30"]
[SourceVersion "1"]
[SourceVersionDate "2020.04.30"]
[SourceQuality "1"]

1. d4 Nf6 2. c4 e6 3. Nc3 Bb4 4. Qc2 O-O 5. a3 Bxc3+ 6. Qxc3 b6 7. Bg5 Bb7 8.
f3 c5 9. dxc5 bxc5 10. e3 d6 11. Be2 Nbd7 12. Nh3 Qb6 13. O-O a5 14. Rfd1 d5
15. Rac1 Rfc8 16. Rd2 h6 17. Bxf6 Nxf6 18. Nf4 d4 19. exd4 cxd4 20. Qc2 a4 21.
c5 Qc7 22. Nd3 Nd7 23. Qd1 Ra5 24. Rdc2 Bd5 25. Nb4 Bb3 26. c6 Nf6 27. Qxd4
Bxc2 28. Rxc2 Rd8 29. Qf2 Raa8 30. Qc5 Ra5 31. Qf2 Rda8 32. g3 Nd5 33. Bc4 Ne7
34. Bf1 Nd5 35. Bc4 Ne7 36. Bf1 Nd5 1/2-1/2

[Event "Moscow Aeroflot op-A"]
[Site "Moscow"]
[Date "2020.02.21"]
[Round "3"]
[White "Puranik, Abhimanyu Sameer"]
[Black "Adhiban, Baskaran"]
[Result "1/2-1/2"]
[WhiteElo "2597"]
[BlackElo "2654"]
[PlyCount "105"]
[EventDate "2020.02.19"]
[EventType "swiss"]
[EventRounds "9"]
[EventCountry "RUS"]
[SourceTitle "CBM 195"]
[Source "ChessBase"]
[SourceDate "2020.04.30"]
[SourceVersion "1"]
[SourceVersionDate "2020.04.30"]
[SourceQuality "1"]

1. c4 e5 2. g3 c6 3. d4 Bb4+ 4. Bd2 Bxd2+ 5. Qxd2 d6 6. Bg2 Nf6 7. Nc3 O-O 8.
e3 Nbd7 9. Nge2 Re8 10. O-O e4 11. f3 exf3 12. Rxf3 Nb6 13. b3 Bg4 14. Rf4 d5
15. cxd5 Bxe2 16. Qxe2 Nbxd5 17. Nxd5 Nxd5 18. Rf3 f5 19. Re1 g6 20. Qd3 Kg7
21. Rff1 Qd6 22. e4 fxe4 23. Bxe4 Nf6 24. Bg2 Rad8 25. Rxe8 Rxe8 26. Qc3 Re2
27. Rf2 Re6 28. Bf3 h5 29. b4 Nd5 30. Bxd5 Qxd5 31. b5 Re4 32. bxc6 bxc6 33.
Qb4 Re8 34. Qb7+ Kh6 35. Qxa7 Re1+ 36. Rf1 Re2 37. Rf2 Re1+ 38. Rf1 Rxf1+ 39.
Kxf1 Qh1+ 40. Kf2 Qxh2+ 41. Kf3 Qh1+ 42. Kf2 Qh2+ 43. Kf3 g5 44. Qc7 Qh1+ 45.
Ke3 Qe1+ 46. Kd3 Qd1+ 47. Ke3 Qc1+ 48. Ke4 Qc2+ 49. Ke3 Qc1+ 50. Ke4 Qe1+ 51.
Kd3 Qb1+ 52. Ke3 Qc1+ 53. Ke4 1/2-1/2

[Event "Moscow Aeroflot op-A"]
[Site "Moscow"]
[Date "2020.02.21"]
[Round "3"]
[White "Raja, Harshit"]
[Black "Martirosyan, Haik M"]
[Result "0-1"]
[WhiteElo "2472"]
[BlackElo "2630"]
[PlyCount "76"]
[EventDate "2020.02.19"]
[EventType "swiss"]
[EventRounds "9"]
[EventCountry "RUS"]
[SourceTitle "CBM 195"]
[Source "ChessBase"]
[SourceDate "2020.04.30"]
[SourceVersion "1"]
[SourceVersionDate "2020.04.30"]
[SourceQuality "1"]

1. e4 e6 2. d4 d5 3. Nd2 Be7 4. Ngf3 Nf6 5. e5 Nfd7 6. Bd3 c5 7. c3 Nc6 8. O-O
g5 9. Nb1 g4 10. Ne1 cxd4 11. cxd4 Nxd4 12. Qxg4 Nc6 13. Qg7 Rf8 14. Bf4 Qb6
15. Nf3 f6 16. Bxh7 fxe5 17. Bh6 Kd8 18. Qg6 Rf6 19. Qg8+ Kc7 20. Be3 Bc5 21.
Nc3 Bxe3 22. fxe3 Qxe3+ 23. Kh1 a6 24. Qxe6 Qxc3 25. Qxd7+ Bxd7 26. bxc3 Raf8
27. Kg1 b5 28. Rad1 e4 29. Nd4 b4 30. Nxc6 Bxc6 31. cxb4 Bb5 32. Rxf6 Rxf6 33.
g4 e3 34. g5 Rf4 35. Kg2 e2 36. Re1 d4 37. g6 d3 38. Rc1+ Bc6+ 0-1

[Event "Moscow Aeroflot op-A"]
[Site "Moscow"]
[Date "2020.02.21"]
[Round "3"]
[White "Rakhmanov, Alexander"]
[Black "Kunin, Vitaly L"]
[Result "1/2-1/2"]
[WhiteElo "2645"]
[BlackElo "2550"]
[PlyCount "134"]
[EventDate "2020.02.19"]
[EventType "swiss"]
[EventRounds "9"]
[EventCountry "RUS"]
[SourceTitle "CBM 195"]
[Source "ChessBase"]
[SourceDate "2020.04.30"]
[SourceVersion "1"]
[SourceVersionDate "2020.04.30"]
[SourceQuality "1"]

1. c4 e5 2. Nc3 Bb4 3. Nd5 Bd6 4. g3 c6 5. Nc3 Nf6 6. Bg2 O-O 7. e4 a6 8. Nge2
b5 9. d3 Bc5 10. O-O d6 11. h3 Nbd7 12. Rb1 Ba7 13. Kh2 Nb6 14. b3 b4 15. Na4
Nxa4 16. bxa4 Rb8 17. f4 Nd7 18. Bd2 a5 19. f5 d5 20. exd5 cxd5 21. Bxd5 Nf6
22. Bg5 Ng4+ 23. hxg4 Qxg5 24. Ng1 Bb7 25. Nh3 Qd8 26. f6 Bxd5 27. cxd5 Qxd5
28. Qd2 Rb6 29. Ng5 Rd8 30. Rbd1 Rbd6 31. Qe2 Rxf6 32. Rxf6 gxf6 33. Ne4 Kg7
34. Kh3 Bc5 35. Rc1 Be7 36. Nf2 Rd6 37. Rc4 f5 38. Kh2 Rh6+ 39. Nh3 f4 40. Qe4
Qxe4 41. Rxe4 Rc6 42. gxf4 Rc2+ 43. Kg3 exf4+ 44. Kf3 Bd6 45. Rd4 Bc7 46. Rc4
Rc3 47. Nxf4 Bxf4 48. Kxf4 Kf6 49. g5+ Kg6 50. Kg4 f6 51. Rd4 Rc2 52. gxf6 Rxa2
53. Rf4 h5+ 54. Kh4 Kf7 55. Kg5 Rg2+ 56. Kxh5 Rg8 57. Rf5 Rb8 58. Kg5 b3 59.
Rf1 Rd8 60. Rb1 Rxd3 61. Kf5 Rh3 62. Ke5 Rh5+ 63. Kd4 Rh4+ 64. Kc3 Rxa4 65.
Rxb3 Rb4 66. Rxb4 axb4+ 67. Kxb4 Kxf6 1/2-1/2

[Event "Moscow Aeroflot op-A"]
[Site "Moscow"]
[Date "2020.02.21"]
[Round "3"]
[White "Riazantsev, Alexander"]
[Black "Asadli, Vugar Afgan Oglu"]
[Result "1-0"]
[WhiteElo "2639"]
[BlackElo "2538"]
[PlyCount "97"]
[EventDate "2020.02.19"]
[EventType "swiss"]
[EventRounds "9"]
[EventCountry "RUS"]
[SourceTitle "CBM 195"]
[Source "ChessBase"]
[SourceDate "2020.04.30"]
[SourceVersion "1"]
[SourceVersionDate "2020.04.30"]
[SourceQuality "1"]

1. d4 Nf6 2. c4 e6 3. Nf3 b6 4. g3 c6 5. Nc3 d5 6. Bg2 Be7 7. O-O O-O 8. b3 Ba6
9. Nd2 b5 10. c5 b4 11. Na4 Nbd7 12. a3 bxa3 13. f4 Rb8 14. Re1 Ne8 15. Bxa3
Nc7 16. Nf3 Rb7 17. Qc2 f5 18. Bc1 Qb8 19. Bd2 Rxb3 20. Nb6 axb6 21. Qxb3 Bc4
22. Qb2 Nb5 23. cxb6 Qxb6 24. Ba5 Qb8 25. e3 c5 26. Nd2 Bd3 27. Bf1 Bxf1 28.
Nxf1 Qb7 29. Reb1 Rb8 30. Bc3 Qc7 31. dxc5 Bxc5 32. Be5 Nd6 33. Qc3 Rxb1 34.
Rxb1 Nxe5 35. Qxe5 Qd7 36. Nd2 Ba7 37. Kg2 h6 38. Ra1 Nf7 39. Qc3 d4 40. exd4
Bxd4 41. Ra8+ Kh7 42. Qc8 Qb5 43. Qa6 Qd5+ 44. Nf3 g5 45. Qc8 Kg7 46. Qg8+ Kf6
47. Rf8 Qa2+ 48. Kh3 g4+ 49. Kh4 1-0

[Event "Moscow Aeroflot op-A"]
[Site "Moscow"]
[Date "2020.02.21"]
[Round "3"]
[White "Sadhwani, Raunak"]
[Black "Rahul, Srivatshav P"]
[Result "1-0"]
[WhiteElo "2522"]
[BlackElo "2474"]
[PlyCount "109"]
[EventDate "2020.02.19"]
[EventType "swiss"]
[EventRounds "9"]
[EventCountry "RUS"]
[SourceTitle "CBM 195"]
[Source "ChessBase"]
[SourceDate "2020.04.30"]
[SourceVersion "1"]
[SourceVersionDate "2020.04.30"]
[SourceQuality "1"]

1. c4 Nf6 2. Nc3 e6 3. Nf3 d5 4. e3 Nbd7 5. b3 b6 6. Bb2 Bb7 7. Be2 a6 8. Qc2
Bd6 9. O-O O-O 10. Rad1 Qe7 11. Rfe1 Rfd8 12. cxd5 exd5 13. Bf1 c5 14. d4 Rac8
15. Qb1 b5 16. dxc5 Nxc5 17. g3 b4 18. Ne2 Nce4 19. Bh3 Rc7 20. Rc1 Bc8 21.
Rxc7 Bxc7 22. Bxc8 Rxc8 23. h3 Qd7 24. Kg2 h5 25. Bxf6 Nxf6 26. Qd3 a5 27. Rd1
Bd6 28. Ng5 Rc5 29. Nd4 g6 30. Qa6 Qe7 31. Nc6 Qc7 32. Qa8+ Bf8 33. Nd4 Qc8 34.
Qa7 Qc7 35. Qa6 Qd6 36. Qe2 Bh6 37. Ndf3 Qe7 38. Rd4 Ne8 39. h4 Nd6 40. Qa6 Rc2
41. Qd3 Rxa2 42. Qb1 Ra3 43. Rxd5 Bf8 44. Ne5 Qf6 45. Nd7 Qc3 46. Nxf8 Qc6 47.
e4 Kxf8 48. Qd3 Ke7 49. Qd4 f6 50. e5 Ne8 51. exf6+ Nxf6 52. Qe5+ Kf8 53. Ne6+
Kg8 54. Qxf6 Qxd5+ 55. Kh2 1-0